Vianoce sú dvakrát do roka
Knižný trh na Slovensku je za posledné roky stabilný. Spotrebitelia považujú knihy za drahé a prémiové a kupujú ich najmä na Vianoce. Tlačená kniha má perspektívu, nachádza uplatnenie nielen obsahom, ale aj obalom a technologickým vyhotovením. Predaj kníh cez internet nie je dominantou formou predaj...
Na minha lista:
| Autor principal: | |
|---|---|
| Formato: | Capítulo de Livro |
| Idioma: | eslovaco |
| Assuntos: | |
| Tags: |
Sem tags, seja o primeiro a adicionar uma tag!
|
MARC
| LEADER | 00000naa a2200000 4500 | ||
|---|---|---|---|
| 001 | 0238844 | ||
| 005 | 20201110124209.3 | ||
| 041 | 0 | |a slo | |
| 044 | |a SK | ||
| 245 | 1 | 0 | |a Vianoce sú dvakrát do roka |c Michaela Petrášová |
| 520 | |a Knižný trh na Slovensku je za posledné roky stabilný. Spotrebitelia považujú knihy za drahé a prémiové a kupujú ich najmä na Vianoce. Tlačená kniha má perspektívu, nachádza uplatnenie nielen obsahom, ale aj obalom a technologickým vyhotovením. Predaj kníh cez internet nie je dominantou formou predaja. Kniha sa môže dobre predávať, ak zaujme na sociálnych sieťach. | ||
| 610 | 2 | 0 | |a dizajn |
| 610 | 2 | 0 | |a Slovensko |
| 610 | 2 | 0 | |a knihy |
| 610 | 2 | 0 | |a správanie spotrebiteľa |
| 610 | 2 | 0 | |a obchod elektronický |
| 610 | 2 | 0 | |a marketing |
| 610 | 2 | 0 | |a sviatok štátny |
| 100 | 1 | |a Petrášová, Michaela | |